UM Logo

Comparative government and politics / (Record no. 23922)

MARC details
000 -LEADER
fixed length control field 00548 a2200169 4500
005 - DATE AND TIME OF LATEST TRANSACTION
control field 20251003102358.0
008 - FIXED-LENGTH DATA ELEMENTS--GENERAL INFORMATION
fixed length control field 251001b |||||||| |||| 00| 0 eng d
020 ## - INTERNATIONAL STANDARD BOOK NUMBER
International Standard Book Number 9798891615496
082 ## - DEWEY DECIMAL CLASSIFICATION NUMBER
Classification number DC 320.3 W210 2025
100 ## - MAIN ENTRY--PERSONAL NAME
Personal name Ward, Roger.
9 (RLIN) 68275
245 ## - TITLE STATEMENT
Title Comparative government and politics /
Statement of responsibility, etc. Roger Ward.
260 ## - PUBLICATION, DISTRIBUTION, ETC. (IMPRINT)
Place of publication, distribution, etc. USA :
Name of publisher, distributor, etc. Alexis Press, LLC.,
Date of publication, distribution, etc. ©2025.
300 ## - PHYSICAL DESCRIPTION
Extent ix, 306 pages :
Other physical details illustrations ;
Dimensions 26 cm.
500 ## - GENERAL NOTE
General note Includes bibliography and index.
650 #0 - SUBJECT ADDED ENTRY--TOPICAL TERM
Topical term or geographic name as entry element Comparative government
General subdivision Textbooks.
9 (RLIN) 68430
942 ## - ADDED ENTRY ELEMENTS (KOHA)
Source of classification or shelving scheme Dewey Decimal Classification
Koha item type Circulation
Holdings
Withdrawn status Lost status Source of classification or shelving scheme Damaged status Not for loan Collection code Home library Current library Date acquired Source of acquisition Cost, normal purchase price Total Checkouts Full call number Barcode Date last seen Price effective from Koha item type
    Dewey Decimal Classification     Circulation UM Digos College - LIC UM Digos College - LIC 08/11/2025 Purchased 4993.00   DC 320.3 W210 2025 28920 10/01/2025 10/01/2025 Circulation